| 000 | 006980000a22002290004500 | ||
|---|---|---|---|
| 003 | dpl | ||
| 005 | 20081029151553.0 | ||
| 008 | 081029t xxu||||| |||| 00| 0 eng d | ||
| 010 | _aENG-84617 | ||
| 020 | _a8171980465 | ||
| 020 | _c150.00 (pbk) | ||
| 035 | _aEN-68150 | ||
| 040 | _cdpl | ||
| 082 | _a658.84 | ||
| 100 | _aMadan, Sushila | ||
| 245 |
_aE-commerce / _cby Sushila Madan |
||
| 260 |
_aNoida _bMayur Paperbacks |
||
| 260 | _c2006 | ||
| 300 |
_aVarious pagings _c24cm |
||
| 942 |
_2ddc _cEN _h658.84 _mMAD |
||
| 999 |
_c17921 _d17921 |
||